Quizzes
Events
Quiz Creation
Community
Videos
Private Events
Remove Ads
Sign In
Join for FREE
Feedback
Dark Mode
Quiz Categories
Sports
Geography
Music
Movies
Television
Just For Fun
Miscellaneous
History
Literature
Language
Science
Gaming
Entertainment
Religion
Holiday
For Kids
Quiz Lab
Recent
Popular Today
Quiz Kudos Today
Editor Picks
Curator Picks
Quizzes by...
Day
Popularity
Type
Ratings
Length
Year
Community
Subscriptions
Recent Discussions
Orange Saloon
Badges
Playlists
Quests
Create
Leaderboards
Showdown
Live 5
Trivia Bingo
Activity
Puzzle Library
Sporcle Events
Private Events
Virtual Trivia
Globe League
Become a Host
Pub Owners
SporcleCon
Opinionation
Our Games
Videos
Blog
Mobile Apps
Partnerships
Remove Ads and Go Orange
Feedback
History
US Presidents
World Leaders
Politics
Nation
Discovery
War
Decade
Year
Century
Biography
Art
History
US Presidents
World Leaders
Politics
Nation
Discovery
War
Decade
Year
Century
Biography
Art
Random Quiz
Search Sporcle
×
Quiz Lab
Quiz Lab
History
Artist
Type in answers that appear in a list
Type in answers that appear in a list
Classic
Best Score? Go Orange.
Hispanic Artists Quiz Stats
Can you name the Hispanic Artists Quiz?
By
bobfishy101
20m
40 Questions
37 Plays
37 Plays
37 Plays
Comments
Comments
Give Quiz Kudos
Give Quiz Kudos
-
- Ratings
hide this ad
More Info
Forced Order
Answers have to be entered in order
Answers have to be entered in order
Random Order
Randomize order of answers
Randomize order of answers
Replay
Link that replays current quiz
Next Quiz
Link to next quiz in quiz playlist
You Got
0%
They Got
Avg Score
66%
Avg Friend Score
Upgrade to see
Score Distribution
Jump to the score distribution portion of the page
Score
0/40
Timer
20:00
0
Plays Today
Pregunta
The Artist (No accents)
% Correct
Pintó Las Meninas
Velazquez
78.4%
vivió en Toledo aunque era griego
El Greco
75.7%
fue el pintor del rey
Velazquez
73%
trabajó en la corte del rey Felipe IV
Velazquez
73%
Pintó como estuvó en un sueño
Dali
73%
Pintó Guernica
Picasso
73%
Él pintó durante el colmo del cubismo
Picasso
73%
Pintó El Tres de Mayo
Goya
70.3%
Pintó Vista de Toledo
El Greco
70.3%
Pintó El Entirro del Conde de Orgáz
El Greco
70.3%
Se puso sordo cuando ya era viejo
Goya
67.6%
trabajó en la corte del rey Carlos IV
Goya
67.6%
usó la luz y la sombra para crear ilusiones de distancia
Velazquez
67.6%
Hizo popular en los EEUU el surrealismo
Dali
67.6%
Pinó una expresión de horror al bombardeo alemán
Picasso
67.6%
tuvo un accidente grave que influyó el resto de su vida y su arte
Kahlo
67.6%
Estudió y vivió en Francia por muchos años
Picasso
67.6%
Pintó El Viejo Guitarrista
Picasso
67.6%
Pintó La Persistencia de la Memoria
Dali
67.6%
Pintó Los Tres Músicos
Picasso
67.6%
Pregunta
The Artist (No accents)
% Correct
Incluyó todas personas de la corte
Velazquez
67.6%
Tuvó Los Períodos Azúl y Rosado
Picasso
67.6%
fue un pintor realista
Velazquez
64.9%
despreciaba a la familia real
Goya
64.9%
Pintó La rendición de Breda
Velazquez
64.9%
Comparó sus pinturas a las páginas de un diario
Picasso
64.9%
Pintó muchos autorretratos
Kahlo
64.9%
Pintó Les Demoiselles d'Avingnon
Picasso
64.9%
sus figuras son largas y torcidas
El Greco
62.2%
primero pintó escenas de la gente del pueblo
Goya
62.2%
Pintó muchas obras en donde las figuras están colocadas en lugares incongruentes
Dali
62.2%
Pintó La Columna Rota
Kahlo
62.2%
Pintó Aparición de un rostro y una copa de fruta en una playa
Dali
62.2%
Aprendió su arte del maestro Pacheco
Velazquez
59.5%
Usó los colores vivos, fuertes, y oscuros
El Greco
59.5%
fue inspirado por los místicos
El Greco
59.5%
Pintó Los Caprichos
Goya
59.5%
Su arte en un tipo de fantasía personal
Kahlo
59.5%
Pintó Hospital Henry Ford
Kahlo
59.5%
Pintó La Sibila
Velazquez
56.8%
Quiz Playlist
Details
Report
Send in Message
Add To Playlist
More Info:
Answer the questions using- El Greco Velazquez Goya To skip a question, click another box Picasso Dali Kahlo
Classic:
Type in answers that appear in a list
Forced Order:
Answers have to be entered in order
Random Order:
Randomize order of answers
Last Updated: Feb 16, 2017
Quiz Scoreboard
CHALLENGE
Sign Up to Join the Scoreboard
Show All
Scores
Hide
Comments
May contain spoilers
Recently Published
9x9 Crossword: Cartoon Network
by jackfrog10
Miscellaneous
3m
College Basketball Coaching Resumes
by pancakes188
Sports
9m
Billboard Blitz: Fleetwood Mac
by CooCooCachoo
Music
15s
More to Explore
Quiz From the Vault
Featured Blog Post
Where Did the Easter Bunny Come From?
hide this ad
You Might Also Like...
Tags
Artist Quiz
Accent
hispanic
Hispanic Artists
pregunta
Today's Top Quizzes in History
Browse History
hide this ad
Today's Top Quizzes in Artist
Browse Artist
Top Contributed Quizzes in History
1
Popular People in 1991
2
Popular People in 1981
3
Popular People in 1951
4
Popular People in 1941
5
Popular People in 1986
6
Popular People in 1976
7
Popular People in 1921
8
5-to-1: 20th Century Images of War
9
I Am Born On March 28th
10
Popular People in 1946
Explore More
Trending Topics
Harry Potter
Anime
Crossword
Disney
Marvel
NBA
Kpop
Soccer
WWE
Country
Song
The Office
Puzzle
NFL
Pokémon
hide this ad
More By:
bobfishy101
Quiz
Plays
Rating
Category
Featured
Created
Agudas, Graves, y Esdrújulas
3,084
Language
Jan 22, 2010
10 Highest US Military Personal Awards
812
1.00
History
Dec 2, 2009
US WW2 Aircraft Nicknames
792
2.50
History
Dec 5, 2009
Large Native American Tribes
757
4.29
History
Oct 24, 2009
Enter Sandman Lyrics
519
3.13
Music
Dec 5, 2009
Go to Creator's Profile
Score Distribution
Quiz Creator Spotlight
bobfishy101
Follow
Send a Message
Quizzes Created
-
Created Quiz Play Count
-
More By This Creator
Popular Quizzes Today
1
Find the US States - No Outlines Minefield
2
Find the Countries of Europe - No Outlines Minefield
3
The Countries of the World
4
Find the US States
5
Risky Map Clicking: Biggest States A-Z
6
US States
7
Popular People in 1961
8
Movies - When Are They Set?
More History Quizzes
Shortest and Tallest US Presidents
Published
Trending Quizzes
Risky Map Clicking: Least Populous States A-Z
1-10 Letter G Words
1-10 Letter F Words
Risky Map Clicking: Next State Alphabetically
Adjectives in 80s TV Shows
Recently Updated
Leaping Animals
pecheneg
Reality TV Shows (A-Z)
bhenderson79
Rickey Henderson's Hall of Fame Teammates
pecheneg
Champions League XIs: Arsenal
pecheneg
Quick Pick: Celebrities in WWE's Hall of Fame
aduchscher
A-Z Keypad Blitz II
pecheneg
Multiple Oscar Actors
pecheneg
Mystery Phrase Blitz: Oscar 'Best Actors'
pecheneg
F. Scott Fitzgerald Novels
LTH
Pick 3 Villains
ddd62291
Trending Topics
Kpop
Marvel
NBA
Disney
Harry Potter
Anime
Crossword
The Office
Soccer
Country
WWE
Song
Pokémon
NFL
Puzzle
Your Account Isn't Verified!
In order to create a playlist on Sporcle, you need to verify the email address you used during registration. Go to your
Sporcle Settings
to finish the process.
Report this User
Report this user for behavior that violates our
Community Guidelines
.
Details:
Send Report
Go to the Sporcle.com Mobile Site →
Comments